000 00705nam a2200241Ia 4500
005 20260430150437.0
008 008 250103s9999 xx 000 0 eng d
037 _aTheses
040 _aCRL
040 _beng
040 _ceng
041 _2eng
041 _aeng
084 _qCRL
100 _aWangdus Jigmet Au.; Kapoor Sheetal Gu.
_91237520
245 0 _aStakeholder Behaviour Towards Sustainable tourism in the Himalayan Region: A Study with Special Reference to Ladakh
260 _c2023
300 _a232p.
650 _aCommerce
700 _aUniversity of Delhi. Faculty of Commerce and Business Studies. Deptt. of commerce
_91237511
942 _cTH
999 _c1849792
_d1849792